Geography Quiz

Random Geography or City Quiz

Five Biggest US Cities... Quiz Stats

 Plays Quiz Updated Dec 6, 2017

Challenge
Share
Tweet
Embed
Score 0/40 Timer 10:00
11 Plays Today
% Correct
New York, NY
96.3%
Los Angeles, CA
91.2%
Los Angeles, CA
91.2%
Chicago, IL
85.2%
Washington, DC
84.7%
San Francisco, CA
81.9%
San Francisco, CA
81.9%
San Francisco, CA
81.9%
Dallas, TX
80.4%
Dallas, TX
80.4%
San Diego, CA
79.9%
San Diego, CA
79.9%
San Diego, CA
79.9%
Boston, MA
78.7%
Houston, TX
78.5%
Atlanta, GA
73.7%
Austin, TX
70.4%
San Antonio, TX
67.3%
San Antonio, TX
67.3%
San Antonio, TX
67.3%
% Correct
San Antonio, TX
67.3%
Oklahoma City, OK
65.8%
Phoenix, AZ
65.1%
Lincoln, NE
64.3%
Kansas City, KS
63.2%
Kansas City, MO
63.1%
Philadelphia, PA
61.4%
Indianapolis, IN
52.4%
San Jose, CA
51.3%
San Jose, CA
51.3%
San Jose, CA
51.3%
Columbus, OH
48.6%
Cleveland, OH
47.6%
Madison, WI
47.1%
Salt Lake City, UT
47.1%
Jacksonville, FL
47.1%
Omaha, NE
25.6%
Jersey City, NJ
25.3%
Tulsa, OK
19.1%
Mesa, AZ
12.4%

You're not logged in!

Compare scores with friends on all Sporcle quizzes.
Join for Free
OR
Log In

You Might Also Like...

Show Comments

Extras

Top Quizzes Today


Score Distribution

Your Account Isn't Verified!

In order to create a playlist on Sporcle, you need to verify the email address you used during registration. Go to your Sporcle Settings to finish the process.

Report this User

Report this user for behavior that violates our Community Guidelines.

Details: